000 00331nam a2200145Ia 4500
100 _aHillburn J L/ Julich P M
650 _aEconomics
942 _cBK
654 _aComputers
245 _aMicrocomputers / Microprocessors
260 _bprentice hall
_aNew Delhi
_c1983
082 _a621.3.
300 _a372
546 _aENGLISH
999 _c31530
_d31530